| 000 | 01268nam a22002657a 4500 | ||
|---|---|---|---|
| 005 | 20080827101417.0 | ||
| 008 | 080827t xxu||||| |||| 00| f hin d | ||
| 010 | _aHIN-84102 | ||
| 020 |
_c60.00 _a8187425628 |
||
| 035 | _aHN-56448 | ||
| 037 | _aDBAD / PUB | ||
| 040 |
_aDPL _bHN |
||
| 082 | _aउ | ||
| 100 | _aसेराफ़ीमोविच, अलेक्सान्द्र | ||
| 245 |
_aतूफान / _cअलेक्सान्द्र सेराफ़ीमोविच |
||
| 246 |
_aTufaana _bby Aleksandra Serafimovich |
||
| 260 |
_aलखनऊ _bपरिकल्पना प्रकाशन _c2006 |
||
| 270 |
_aजनचेतना, डी-68, निरालानगर _bलखनऊ _e226020 |
||
| 300 |
_a196पृ _c22सेमी (अजिल्द) |
||
| 650 |
_aरूसी कथा साहित्य _xहिन्दी में अनुवाद |
||
| 650 |
_aRussian fiction _xtranslations into Hindi |
||
| 700 | _aव्यास, गिरधारीलाल | ||
| 942 |
_2ddc _cHN _mअलेक्सा _hउ |
||
| 999 |
_c15134 _d15134 |
||